The Law of contract. / (Record no. 5432)
[ view plain ]
| 000 -LEADER | |
|---|---|
| fixed length control field | 00793nam a22001697a 4500 |
| 008 - FIXED-LENGTH DATA ELEMENTS--GENERAL INFORMATION | |
| fixed length control field | 150427b xxu||||| |||| 00| 0 eng d |
| 020 ## - INTERNATIONAL STANDARD BOOK NUMBER | |
| International Standard Book Number | 0420456805 |
| 050 ## - LIBRARY OF CONGRESS CALL NUMBER | |
| Classification number | KD1554.T7 |
| 100 ## - MAIN ENTRY--PERSONAL NAME | |
| Personal name | Treitel, G.H. |
| 245 ## - TITLE STATEMENT | |
| Title | The Law of contract. / |
| Statement of responsibility, etc. | G.H. Treitel. |
| 250 ## - EDITION STATEMENT | |
| Edition statement | 5th ed. |
| 260 ## - PUBLICATION, DISTRIBUTION, ETC. | |
| Place of publication, distribution, etc. | London : |
| Name of publisher, distributor, etc. | Stevens & Sons, |
| Date of publication, distribution, etc. | 1979. |
| 300 ## - PHYSICAL DESCRIPTION | |
| Extent | liv, 799 p. : |
| Dimensions | 24cm. |
| 500 ## - GENERAL NOTE | |
| General note | Includes index. |
| 505 ## - FORMATTED CONTENTS NOTE | |
| Formatted contents note | Contents: Introduction -- Agreement -- Consideration -- Contractual intention -- Form -- The contents of a contract -- Standard form contracts -- Mistake -- Misinterpretation -- Duress and undue influence -- Illegality -- Statutory invalidity -- Capacity -- Plurality of parties -- Privity -- Assignment -- Agency -- Performance -- Breach -- Frustration -- Remedies. |
| 942 ## - ADDED ENTRY ELEMENTS (KOHA) | |
| Source of classification or shelving scheme | Library of Congress Classification |
| Koha item type | Books |
| Withdrawn status | Lost status | Source of classification or shelving scheme | Damaged status | Not for loan | Home library | Current library | Shelving location | Date acquired | Total Checkouts | Full call number | Barcode | Date last seen | Price effective from | Koha item type |
|---|---|---|---|---|---|---|---|---|---|---|---|---|---|---|
| Library of Congress Classification | WISCONSIN INTERNATIONAL UNIVERSITY COLLEGE, GHANA - MAIN LIBRARY | WISCONSIN INTERNATIONAL UNIVERSITY COLLEGE, GHANA - MAIN LIBRARY | Law Library | 27/04/2015 | KD1554.T7 | 117/15 | 27/04/2015 | 27/04/2015 | Books |
